00483cam a22001457a 4500008004000000020001800040082001500058245012000073260003000193300001000223650003200233650003000265650002300295700001900318180718b2008 xxu||||| |||| 00| 0 eng d a9788184570878 aB73x54 R14 aRole of panchayati raj institutions in 60 years of independent India: vision of the futurecedited by D. Sunder Ram aNew DelhibKanishkac2008 a414p. aRural development -- India. aLocal government -- India aPanchayat -- India aRam, D. Sunder